00510nam a2200193Ia 4500003000900000008004100009040001300050040001300063041000800076100002100084100000900105245004800114250001200162260002800174260000900202300001000211490000600221600008900227IT-RoPAU120407s9999 xx 000 0 und d aIT-RoPAU cIT-RoPAU aita aManlio Simonetti ccur. aCristo (IL). Testi treologici e spirituali  aMilano  aMondadori - Fond. Valla c1985 c20 cm v1 a"Vol. 2: Dal IV al VII secolo. In lingua greca. A cura di Manlio Simonetti. p.656"